| 000 | 00921cam a2200277 a 4500 | ||
|---|---|---|---|
| 001 | 000019553 | ||
| 005 | 20240226143822.0 | ||
| 008 | 810114s1968 sp 001 e spa d | ||
| 040 |
_aDO-SdBNP _bspa _cLC _dBNPHU |
||
| 082 |
_a864.64 _bC174a, 1968 |
||
| 100 | 1 |
_aCamba, Julio, _d1882-1962 _93094 |
|
| 245 | 1 | 0 |
_aAlemania : _bimpresiones de un español / _cJulio Camba. |
| 250 | _a4a ed. | ||
| 260 |
_aMadrid : _bEspasa-Calpe, _c1968. |
||
| 300 |
_a219, [16] p. ; _c18 cm. |
||
| 490 | 1 |
_aAustral. Negra: viajes y reportajes _v791 |
|
| 500 | _aIncluye índice de autores | ||
| 650 | 4 |
_aEnsayos españoles _93095 |
|
| 650 | 4 |
_aLiteratura española _ySIGLO XX _93326 |
|
| 651 | 4 |
_aAlemania _xVida Social Y Costumbres _941964 |
|
| 651 | 4 |
_aAlemania _xDescripciones Y Viajes _941965 |
|
| 830 | 0 |
_aAustral. _pNegra: viajes y reportajes; _v791 _941665 |
|
| 910 | _aCatalogación derivada / LC | ||
| 910 | _aWM | ||
| 049 | _aBNGR | ||
| 999 |
_c19069 _d19069 |
||